| Поле | Инд. | ПП | Название | Значение |
|---|---|---|---|---|
| Тип записи | a | |||
| Библиографический уровень | m | |||
| 001 | Контрольный номер | 618a20e5b1ab499c97dd93d8a88319cb | ||
| 005 | Дата корректировки | 20260115160402.7 | ||
| 020 | a | ISBN | 978-5-222-41753-9 | |
| c | Цена, тираж | 410-00 | ||
| 084 | a | Индекс другой классификации/Индекс ББК | 84(2=411.2)6 | |
| 090 | a | Полочн. индекс | 84(2=411.2)6 | |
| c | Каталожный индекс | 84(2=411.2)6 | ||
| x | Авторский знак | Н 19 | ||
| 091 | i | Возрастная адресация (DOS) | 12+ | |
| 097 | b | Оператор | Попеленкова | |
| 100 | 1_ | a | Автор | Назарова Л. |
| q | Полное имя | Назарова Лариса | ||
| 245 | 10 | a | Заглавие | Экологические страшилки |
| b | Продолж. заглавия | [12+] | ||
| c | Ответственность | художник Ольга Неходова | ||
| 260 | a | Место издания | Ростов-на-Дону | |
| b | Издательство | Феникс | ||
| c | Дата издания | 2025 | ||
| 300 | a | Объем | 64 с. | |
| b | Иллюстрации/ тип воспроизводства | ил. | ||
| 440 | _0 | a | Серия | Дети читают |
| 900 | a | Имя макрообъекта | о1576501 | |
| 901 | t | Тип документа | m |